Learning language arts through literature : (Record no. 3216)

MARC details
000 -LEADER
fixed length control field 01083nam a22002297a 4500
001 - CONTROL NUMBER
control field 3216
003 - CONTROL NUMBER IDENTIFIER
control field FISKH
005 - DATE AND TIME OF LATEST TRANSACTION
control field 20240220105818.0
008 - FIXED-LENGTH DATA ELEMENTS--GENERAL INFORMATION
fixed length control field 240220b cb ||||| |||| 00| 0 eng d
020 ## - INTERNATIONAL STANDARD BOOK NUMBER
International Standard Book Number 9781880892824
040 ## - CATALOGING SOURCE
Original cataloging agency FISKH
Language of cataloging eng
Transcribing agency FISKH
Modifying agency FISKH
050 ## - LIBRARY OF CONGRESS CALL NUMBER
Classification number LB1575.587
082 ## - DEWEY DECIMAL CLASSIFICATION NUMBER
Classification number 372.4
100 ## - MAIN ENTRY--PERSONAL NAME
Personal name Strayer, Debbie
245 ## - TITLE STATEMENT
Title Learning language arts through literature :
Remainder of title The red teacher book /
Statement of responsibility, etc. By Debbie Strayer and Susan Simpson
260 ## - PUBLICATION, DISTRIBUTION, ETC.
Place of publication, distribution, etc. Melrose :
Name of publisher, distributor, etc. Common Sense Press,
Date of publication, distribution, etc. 1998.
300 ## - PHYSICAL DESCRIPTION
Extent 230 pages :
Other physical details illustrations ;
Dimensions 28 cm
520 ## - SUMMARY, ETC.
Summary, etc. "Easy-to-use format - bigger, better and more complete! Contains book studies, spelling word lists and instructions, reviews and assessments. Integrates all the language arts skills: Reading, spelling, grammar, higher-order reasoning skills, and creative writing. Teacher notes are right in the margin. Based upon the teaching ideas of Dr. Ruth Beechick." --provided by Goodreads.
650 ## - SUBJECT ADDED ENTRY--TOPICAL TERM
Topical term or geographic name entry element Literature
General subdivision Homeschooling - Language Arts
700 ## - ADDED ENTRY--PERSONAL NAME
Personal name Simpson, Susan
Relator term Author
942 ## - ADDED ENTRY ELEMENTS (KOHA)
Source of classification or shelving scheme Dewey Decimal Classification
Koha item type Books
Suppress in OPAC No
Holdings
Withdrawn status Lost status Source of classification or shelving scheme Damaged status Not for loan Collection Home library Current library Shelving location Date acquired Total Checkouts Full call number Barcode Date last seen Price effective from Koha item type
    Dewey Decimal Classification     Non-Fiction Footprints International School Library Network Toul Kork Campus Footprints International School Library Network Toul Kork Campus   02/20/2024   STR 372.4 LB1575.587 2024-0084 02/20/2024 02/20/2024 Books